00526 2200205 4500001002100000005001500021035002000036007000300056008004100059020001500100082001100115084001700126100001900143245006100162250001000223260004000233300002900273990000800302990001000310INLIS00000000000758320220630093018 a0010-0321000953ta220630 g 0 ind  a9793084162 a636.54 a636.54 ARI s0 aARIEF, Budiman1 aSebab & Solusi Gedung Walet Kosong /cDrs. Arief Budiman aCet.5 aJakarta :bAgromedia Pustaka,c2001 aviii, 55 hlm. ;c23,5 cm a557 a557Aa